000 00563nam a22001937a 4500
999 _c180166
_d180166
005 20210727145725.0
010 _aB-740649
020 _a9788188951499
_c150.00
035 _aB-740649
037 _bGift
082 _aS
100 _aJerome, K. Jerome
245 _aThree men in a boat /
_cby Jerome K. Jerome
260 _aNew Delhi
_bPigeon Books
_c2018
270 _aI-2/16, Ansari Road, Daryaganj
_bNew Delhi
_e110002
300 _a226p.
_c18cm(pbk)
942 _2ddc
_cEN
_hS
_mJER